League of Legends Teams 2026 - Statistiques

Statistiques générales
  • Ce quiz a été pris 14 fois
  • Le résultat moyen est 24 sur 58
Statistiques - réponses
League Réponse % Correct
LEC Fnatic
100%
LEC G2 Esports
100%
LCK Gen.G
100%
LEC Karmine Corp
91%
LEC Movistar KOI
91%
LCK T1
91%
LEC Team Vitality
91%
LPL Bilibili Gaming
82%
LCK KT Rolster
82%
LPL Anyone's Legend
73%
LCK Hanwha Life Esports
73%
LPL JD Gaming
73%
LEC SK Gaming
73%
LEC Team Heretics
73%
LCK Dplus Kia
64%
LCK DRX / Kiwoom DRX
64%
LCS FlyQuest
64%
LEC GIANTX
64%
LEC Shifters
64%
LCK BNK FEARX
55%
LCP CTBC Flying Oyster
55%
LPL Invictus Gaming
55%
LEC Natus Vincere
55%
LCK Nongshim RedForce
55%
LCK BRION / HANJIN BRION
45%
LCS LYON
45%
LCS Team Liquid
45%
LPL Team WE
45%
LPL Top Esports
45%
LCK DN SOOPers
36%
CBLOL LOUD
36%
CBLOL FURIA
27%
LCP GAM Esports
27%
LPL LNG Esports
27%
LCP Team Secret Whales
27%
LCS Cloud9
18%
LPL LGD Gaming
18%
LPL Ninjas in Pyjamas
18%
CBLOL RED Canids
18%
LPL ThunderTalk Gaming
18%
LPL Weibo Gaming
18%
LCS Dignitas
9%
LCS Disguised
9%
LPL EDward Gaming
9%
CBLOL Fluxo W7M
9%
LCP Ground Zero Gaming
9%
LPL Oh My God
9%
LCS Sentinels
9%
CBLOL Vivo Keyd Stars
9%
LCP Deep Cross Gaming
0%
LCP DetonatioN FocusMe
0%
LCP Fukuoka SoftBank HAWKS gaming
0%
CBLOL Leviatan
0%
CBLOL LØS
0%
LCP MVK Esports
0%
CBLOL paiN Gaming
0%
LCS Shopify Rebellion
0%
LPL Ultra Prime
0%
Aucun quiz correspondant
Distribution des résultats
% des personnes avec chaque résultat
Percentile par nombre de réponses
Votre historique - résultats
Vous n’avez pas pris ce quiz